SC/ST population in Nalhati II block in birbhum district in West Bengal : (Record no. 142067)

MARC details
000 -LEADER
fixed length control field 00667nam a22001937a 4500
005 - DATE AND TIME OF LATEST TRANSACTION
control field 20170630172446.0
010 ## - LCCN (DPL NO)
LC control number ENG-118966
020 ## - INTERNATIONAL STANDARD BOOK NUMBER
International Standard Book Number 9789380036786
Terms of availability 80.00
035 ## - SYSTEM CONTROL NUMBER
System control number EN-102498
037 ## - SOURCE OF ACQUISITION
Source of stock number/acquisition DBAD/PUB
082 ## - DEWEY DECIMAL CLASSIFICATION NUMBER
Classification number 305.5688095414
100 ## - MAIN ENTRY--PERSONAL NAME
Personal name Roy, Debasish
245 ## - TITLE STATEMENT
Title SC/ST population in Nalhati II block in birbhum district in West Bengal :
Remainder of title a study of livelihood and empowerment /
Statement of responsibility, etc by Debasish Roy
260 ## - PUBLICATION, DISTRIBUTION, ETC. (IMPRINT)
Place of publication, distribution, etc Kolkata
Name of publisher, distributor, etc Mitram
Date of publication, distribution, etc 2017
270 ## - ADDRESS
Address 37A, collage street
City Kolkata
Postal code 700073
300 ## - PHYSICAL DESCRIPTION
Extent 102p.:
Dimensions 21cm(Hb)
Other physical details ill
500 ## - GENERAL NOTE
General note Includes bibliographical reference and index
942 ## - ADDED ENTRY ELEMENTS (KOHA)
Source of classification or shelving scheme Dewey Decimal Classification
Item type English Books
Classification part 305.5688095414
Call number suffix ROY
Holdings
Withdrawn status Lost status Not for loan Collection code Home library Current library Date acquired Source of acquisition Cost, normal purchase price Full call number Barcode Copy number Cost, replacement price Koha item type
      Non-fiction Shahdara Branch Shahdara Branch 28/06/2017 DBAD/PUB 80.00 305.5688095414 ROY EN-102498 1 80.00 English Books

© Delhi Public Library
Hit Counter
free hit counter